000
00299nam a22001097a 4500
008
230731b xxu||||| |||| 00| 0 eng d
082
_a
362.2
_b
INC 2004
245
_a
Report of the International Narcotics Control Board for 2003
260
_a
New York
_b
UN
_c
2004
300
_a
VIII,92p
942
_2
ddc
_c
BK
999
_c
4031
_d
4031